000 00964cam a2200265Ma 4500
005 20211111074202.0
008 130821s1967 fr a r 000 0 fre d
020 _a0582360714
035 _a(OCoLC)220008771
_z(OCoLC)30293136
_z(OCoLC)59027549
040 _aCo-BoUCM
_bspa
_cSandra Palacio (modificó)
_dSandra Palacio (modificó)
041 0 _afre
100 1 _aGoscinny
_d1926-1977
_987642
245 1 3 _aLe petit Nicolas
_cpor Goscinny ; adaptado por Ann Dubs ; ilustrado por Sempé
260 _aParís (Francia)
_bLongman
_c1967
300 _a80 páginas
_bilustraciones
650 1 7 _aLiteratura juvenil
_97795
650 2 7 _aCuentos franceses
_912274
650 2 7 _aNovela gráfica
_948567
650 2 7 _aHumorismo gráfico
_917089
650 2 7 _aComportamiento humano
_911291
700 1 _aSempé
_d1932-
_eilustrador
_987648
700 1 _aDubs, Ann
_987647
942 _2DEWEY
_a18
_cLIBRO
_e1
_h843.914
_mG676pn
_n0
999 _c48864
_d48864